000 00716nam a22002177a 4500
999 _c215505
_d215505
005 20250911144324.0
008 250911b ||||| |||| 00| 0 eng d
020 _a9781514462300
040 _aLC
_cUNZA
_dUNZA
_eRDA
050 _aZAMB DT3071
_bMUS 2016.
100 _a Musambachime, Mwelwa C.
245 _aOne Zambia, one nation, one country /
_cMwelwa C. Musambachime.
260 _a[Bloomington, Indiana] :
_bXlibris,
_c2016.
300 _axiii, 672 pages:
_billustrations.
504 _aIncludes bibliographical references.
650 _aHistory
_z Zambia.
650 _aPolitics and government
_zZambia.
650 _aNatural resources
_zZambia.
650 _aCivilization
_zZambia.
942 _cZAMBIANA